Guide (Record no. 4279)

MARC details
000 -LEADER
fixed length control field 00481cam a2200193ua 4500
001 - CONTROL NUMBER
control field 5099
005 - DATE AND TIME OF LATEST TRANSACTION
control field 20260515113832.0
008 - FIXED-LENGTH DATA ELEMENTS--GENERAL INFORMATION
fixed length control field 120812n ii |||gr||||Z||||||eng
020 ## - INTERNATIONAL STANDARD BOOK NUMBER
International Standard Book Number 81-86423-75-3
040 ## - CATALOGING SOURCE
Transcribing agency MAIN
082 ## - DEWEY DECIMAL CLASSIFICATION NUMBER
Classification number 923.954
100 ## - MAIN ENTRY--PERSONAL NAME
Personal name Narayan, R. K.,
Relator term Author.,
245 11 - TITLE STATEMENT
Title Guide
Statement of responsibility, etc. by R. K. Narayan.
250 ## - EDITION STATEMENT
Edition statement 1st.
260 ## - PUBLICATION, DISTRIBUTION, ETC.
Place of publication, distribution, etc. Delhi:
Name of publisher, distributor, etc. Worldview publications,
Date of publication, distribution, etc. 2004.
300 ## - PHYSICAL DESCRIPTION
Extent 115p:
Dimensions 23cm.
700 ## - ADDED ENTRY--PERSONAL NAME
Personal name Bhattacharya, Nandini,
Relator term Editor.,
942 ## - ADDED ENTRY ELEMENTS (KOHA)
Koha item type Books
Holdings
Withdrawn status Lost status Damaged status Not for loan Home library Current library Shelving location Date acquired Total checkouts Full call number Barcode Date last seen Copy number Price effective from Koha item type
        Naharkatiya College Library Naharkatiya College Library General stacks 09/19/2020   823.954 | NAR 16496 09/19/2020 1 09/19/2020 Books